[Event "Bucharest-A"]
[Site "?"]
[Date "2000.??.??"]
[Round "3"]
[White "Florean Andrei-Costel"]
[Black "Ardelean George Catalin"]
[Result "1/2-1/2"]
[WhiteElo "2417"]
[BlackElo "2436"]
[PlyCount "69"]
[EventDate "2000.??.??"]
[Source "www.chesslib.no"]
[SourceDate "2004.05.04"]

1. d4 Nc6 2. d5 Ne5 3. f4 Ng6 4. c4 e6 5. Nc3 Bc5 6. Qd3 Nf6 7. Be3 Bxe3 8. Qxe3 O-O 9. g3 d6 10. Bh3 exd5 11. Nxd5 Nxd5 12. cxd5 c6 13. dxc6 bxc6 14. Bxc8 Rxc8 15. O-O-O d5 16. Nf3 c5 17. Qd3 d4 18. Kb1 Qb6 19. Nd2 Ne7 20. e3 Nd5 21. exd4 Nb4 22. Qf3 cxd4 23. Nb3 d3 24. a3 Rc2 25. Qe4 Qf2 26. Qd4 Qxd4 27. Nxd4 Rd8 28. Nb3 Nc6 29. Nc1 Re8 30. Rxd3 Rf2 31. Rc3 Nd4 32. Rd1 Rb8 33. b3 Nb5 34. Rcd3 Nxa3+ 35. Ka1 1/2-1/2

[Event "Radenci op"]
[Site "?"]
[Date "1998.??.??"]
[Round "?"]
[White "Nikolov Sasho"]
[Black "Mestrovic Zvonimir"]
[Result "1-0"]
[WhiteElo "2415"]
[BlackElo "2425"]
[PlyCount "115"]
[EventDate "1998.??.??"]
[Source "www.chesslib.no"]
[SourceDate "2004.05.04"]

1. d4 Nc6 2. c4 e5 3. d5 Nce7 4. Nf3 Ng6 5. g3 d6 6. Nc3 Bd7 7. h4 Be7 8. h5 Nf8 9. h6 g5 10. e4 Ng6 11. Be3 f6 12. Nd2 Bf8 13. Qh5 Nxh6 14. Bh3 Bxh3 15. Qxh3 Qd7 16. Nb5 Qxh3 17. Rxh3 Kd7 18. Nxa7 Ng4 19. Nb5 h5 20. Ke2 Nxe3 21. fxe3 Be7 22. a4 c5 23. b3 Rh6 24. Rah1 Rah8 25. g4 Nh4 26. gxh5 Rxh5 27. Nc3 Bd8 28. Nf1 g4 29. Rg3 Rg8 30. Nd1 f5 31. exf5 Rxf5 32. Nf2 Rf3 33. Rhg1 Rgf8 34. Nxg4 e4 35. Nd2 Rxg3 36. Rxg3 Nf5 37. Rg1 Re8 38. Nf2 Rh8 39. Ndxe4 Rh2 40. Rh1 Rg2 41. Rh7+ Be7 42. Nf6+ Kc7 43. Kf3 Rg6 44. N2g4 Kb6 45. Kf4 Ng7 46. Ne4 Ka5 47. Rh6 Rxh6 48. Nxh6 Kb4 49. Nf5 Bf8 50. Nxg7 Kxb3 51. Nf5 Kxc4 52. Nf6 Kb3 53. Nd7 c4 54. Nxf8 c3 55. Ne6 Kxa4 56. Ned4 b5 57. Nxd6 b4 58. Ke4 1-0

[Event "Tuzla"]
[Site "Tuzla"]
[Date "1981.??.??"]
[Round "15"]
[White "Bukic, Enver"]
[Black "Palos, Osman"]
[Result "0-1"]
[WhiteElo "2485"]
[BlackElo "2355"]
[PlyCount "117"]
[EventDate "1981.10.??"]
[Source "ChessBase"]

1. d4 Nc6 2. c4 e5 3. d5 Nb8 4. Nc3 Bb4 5. Bd2 a5 6. a3 Bxc3 7. Bxc3 d6 8. b4 Nf6 9. g3 Ne4 10. Bb2 O-O 11. Bg2 f5 12. e3 Qe8 13. Ne2 axb4 14. axb4 Rxa1 15. Qxa1 Na6 16. b5 Nac5 17. Qa3 b6 18. f3 Ng5 19. h4 Nf7 20. O-O Qe7 21. Qc3 Na4 22. Qc2 Nxb2 23. Qxb2 Nd8 24. Ra1 Nb7 25. Qc3 Nc5 26. Ra7 h6 27. f4 Re8 28. Kf1 Kh7 29. fxe5 dxe5 30. Ke1 Qd6 31. Kd2 Bd7 32. Kc1 Re7 33. Qa3 Be8 34. Bf3 e4 35. Bg2 g5 36. Bh3 Bd7 37. hxg5 hxg5 38. Ra8 Re8 39. Kc2 Rxa8 40. Qxa8 Qh6 41. Bf1 Qh1 42. Qa1 Kg6 43. Qd1 Qf3 44. Kd2 Qf2 45. Qb1 Nd3 46. Qa1 Nc5 47. Qb1 Kf7 48. Bh3 f4 49. Be6+ Bxe6 50. dxe6+ Kxe6 51. gxf4 gxf4 52. exf4 e3+ 53. Kc3 Qxe2 54. Qg6+ Ke7 55. Qg7+ Kd8 56. Qf8+ Kd7 57. Qf5+ Ne6 58. Qd5+ Ke7 59. f5 0-1

[Event "9. International Chess Festival"]
[Site "?"]
[Date "2005.06.14"]
[Round "3"]
[White "Gorovykh Eduard"]
[Black "Novikov Stanislav"]
[Result "0-1"]
[WhiteElo "2325"]
[BlackElo "2512"]
[PlyCount "46"]
[EventDate "2005.??.??"]
[Source "www.chesslib.no"]
[SourceDate "2004.05.04"]

1. d4 Nc6 2. c4 e5 3. d5 Nce7 4. g3 Ng6 5. Bg2 Bb4+ 6. Bd2 Bxd2+ 7. Qxd2 d6 8. Nc3 f5 9. Nf3 Nf6 10. h3 O-O 11. O-O-O Bd7 12. Ng5 Qe7 13. Ne6 Bxe6 14. dxe6 e4 15. Nd5 Qxe6 16. Nxc7 Qxc4+ 17. Qc3 Qxc3+ 18. bxc3 Rac8 19. Nb5 d5 20. Nd6 Rxc3+ 21. Kb2 Rc5 22. Rde1 b6 23. Nxf5 Nd7 0-1

[Event "Goodbye Summer Open"]
[Site "Omis"]
[Date "2004.10.09"]
[Round "6"]
[White "Zaja, Ivan"]
[Black "Mestrovic, Zvonimir"]
[Result "1-0"]
[WhiteElo "2459"]
[BlackElo "2376"]
[PlyCount "59"]
[EventDate "2004.10.06"]
[Source "Roberto Alvarez"]
[SourceDate "2004.10.18"]

1. d4 Nc6 2. e4 d6 3. Nc3 Nf6 4. f4 e5 5. Nf3 exd4 6. Nxd4 Be7 7. Nxc6 bxc6 8. Bd3 d5 9. e5 Ng4 10. Qf3 Bc5 11. Na4 Bf2+ 12. Ke2 Bd4 13. c3 Bb6 14. Nxb6 axb6 15. h3 Nh6 16. f5 Ng8 17. Qg3 Kf8 18. f6 g6 19. Bf4 Be6 20. Qe3 Qd7 21. a4 h6 22. a5 Re8 23. axb6 cxb6 24. Qxb6 Nxf6 25. Ra7 Qc8 26. exf6 Bf5+ 27. Be3 Kg8 28. Rf1 Bxd3+ 29. Kxd3 Qe6 30. Re7 1-0

[Event "TCh-CRO, Pula CRO"]
[Site "?"]
[Date "2001.??.??"]
[Round "5"]
[White "Muse, D."]
[Black "Mestrovic, Z."]
[Result "1-0"]
[WhiteElo "2410"]
[BlackElo "2425"]
[PlyCount "105"]
[EventDate "2001.??.??"]
[Source "www.chesslib.no"]
[SourceDate "2004.05.04"]

1. d4 Nc6 2. Nf3 d6 3. g3 Bd7 4. Bg2 Qc8 5. h3 e5 6. Nc3 Nf6 7. e4 Be7 8. Be3 O-O 9. d5 Na5 10. Nd2 c6 11. dxc6 bxc6 12. Qe2 Be6 13. f4 Qb7 14. Rb1 d5 15. fxe5 Nd7 16. exd5 cxd5 17. b4 Qc6 18. Bd4 Nb7 19. b5 Qc8 20. Nxd5 Bd8 21. c4 Nb6 22. Nf4 Qd7 23. Be3 Na4 24. Rc1 Bb6 25. O-O Rad8 26. Ne4 Nac5 27. Nc3 Qc7 28. Bf2 Rfe8 29. Rfe1 Na5 30. Ncd5 Qc8 31. g4 Nd7 32. Nxb6 axb6 33. Nd5 Qb8 34. Nb4 f6 35. Na6 Qa7 36. exf6 Nxf6 37. Qf1 h5 38. g5 Nh7 39. h4 Nf8 40. c5 Qf7 41. Bg3 Qxf1+ 42. Bxf1 Bxa2 43. Bc7 Rxe1 44. Rxe1 Rd4 45. Bxb6 Rg4+ 46. Kf2 Nc4 47. Bc7 Nd2 48. Bg2 Bc4 49. Bd6 Ng6 50. Nc7 Nxh4 51. Bh1 Nf5 52. b6 Bf7 53. b7 1-0

[Event "POL Team Ch"]
[Site "Mikolajki"]
[Date "1991.??.??"]
[Round "6"]
[White "Ivanov, Sergey"]
[Black "Przewoznik, Jan"]
[Result "1-0"]
[WhiteElo "2440"]
[BlackElo "2395"]
[PlyCount "59"]
[EventDate "1991.??.??"]
[Source "www.chesslib.no"]
[SourceDate "2004.05.04"]

1. d4 Nc6 2. c4 e5 3. d5 Nce7 4. Nc3 Ng6 5. g3 Nf6 6. Bg2 Bb4 7. Qc2 a5 8. e4 d6 9. Nge2 Bd7 10. O-O O-O 11. Na4 Qe8 12. Nec3 h6 13. Rd1 Nh7 14. Nb5 Bxb5 15. cxb5 Qxb5 16. a3 Bc5 17. Bf1 Qd7 18. Nxc5 dxc5 19. Qxc5 Ng5 20. Bxg5 hxg5 21. Rac1 Rfc8 22. Qe3 f6 23. Qb3 Kh7 24. Qxb7 Qg4 25. Qb3 Kh6 26. h3 Qxe4 27. Bd3 Qf3 28. Qc4 Rab8 29. Be2 Qb3 30. Qg4 1-0

[Event "Budapest"]
[Site "?"]
[Date "1991.??.??"]
[Round "?"]
[White "Lukacs, P."]
[Black "O'Donnell, T."]
[Result "1/2-1/2"]
[WhiteElo "2460"]
[BlackElo "2375"]
[PlyCount "67"]
[EventDate "1991.??.??"]
[Source "ChessBase"]
[SourceDate "1991.06.01"]

1. d4 Nc6 2. d5 Ne5 3. f4 Ng6 4. e4 e6 5. dxe6 fxe6 6. Nf3 Bc5 7. Nc3 Nh6 8. Na4 Bb4+ 9. c3 Be7 10. c4 O-O 11. g3 b6 12. f5 Bb4+ 13. Nc3 Qf6 14. Be2 Ne5 15. O-O Bxc3 16. bxc3 Bb7 17. Nxe5 Qxe5 18. Qxd7 Nxf5 19. exf5 Qxe2 20. Qxe6+ Qxe6 21. fxe6 Rxf1+ 22. Kxf1 Ba6 23. Bf4 Bxc4+ 24. Kf2 Re8 25. Bxc7 Rxe6 26. Re1 Rxe1 27. Kxe1 Bxa2 28. Bb8 a6 29. Bc7 b5 30. Kd2 Kf7 31. Kc1 Be6 32. h4 Ke7 33. Kb2 Kd7 34. Be5 1/2-1/2

[Event "BIH-ch team"]
[Site "?"]
[Date "1999.08.26"]
[Round "6"]
[White "Vucic Mladen"]
[Black "Mestrovic Zvonimir"]
[Result "0-1"]
[WhiteElo "2367"]
[BlackElo "2466"]
[PlyCount "41"]
[EventDate "1999.??.??"]
[Source "www.chesslib.no"]
[SourceDate "2004.05.04"]

1. d4 Nc6 2. Nf3 d6 3. Bg5 h6 4. Bh4 g5 5. Bg3 Bg7 6. e3 Nf6 7. Be2 Bf5 8. O-O Ne4 9. Nbd2 Nxg3 10. fxg3 Bg6 11. c3 e5 12. d5 Ne7 13. e4 O-O 14. g4 c6 15. c4 Qb6+ 16. Kh1 Qxb2 17. Rb1 Qxa2 18. Rxb7 Rfe8 19. Qa1 Qxa1 20. Rxa1 cxd5 21. cxd5 0-1

[Event "SLO-ch"]
[Site "Grize"]
[Date "2001.10.06"]
[Round "6"]
[White "Jelen, Igor"]
[Black "Mestrovic, Zvonimir"]
[Result "0-1"]
[WhiteElo "2398"]
[BlackElo "2428"]
[PlyCount "48"]
[EventDate "2001.10.01"]
[Source "ChessBase"]
[SourceDate "2001.10.26"]

1. d4 Nc6 2. e4 d6 3. d5 Nb8 4. c4 Nf6 5. Nc3 g6 6. Nf3 Bg7 7. Be2 O-O 8. O-O Nbd7 9. Re1 c6 10. Be3 Ng4 11. Bd4 Ndf6 12. b4 a5 13. a3 axb4 14. axb4 Rxa1 15. Qxa1 e5 16. Ba7 cxd5 17. cxd5 Nh5 18. Qa5 Qe7 19. Qb6 f5 20. Bb8 Rd8 21. Bf1 Ngf6 22. Ng5 Nd7 23. Qxd6 Qxg5 24. Bc7 Re8 0-1

[Event "SLO Ch"]
[Site "Nova Gorica SLO"]
[Date "1994.??.??"]
[Round "?"]
[White "Jelen, Igor"]
[Black "Barle, Janez"]
[Result "1-0"]
[WhiteElo "2385"]
[BlackElo "2440"]
[PlyCount "69"]
[EventDate "1994.??.??"]
[Source "www.chesslib.no"]
[SourceDate "2004.05.04"]

1. d4 Nc6 2. c4 e5 3. d5 Nce7 4. e4 Ng6 5. Nc3 Bc5 6. g3 d6 7. h4 c6 8. h5 N6e7 9. h6 Nxh6 10. Bxh6 gxh6 11. Rxh6 Ng8 12. Rh2 Nf6 13. Bh3 Bxh3 14. Nxh3 Qa5 15. Qf3 Ke7 16. Kf1 Rhg8 17. Ng1 Rg6 18. Qd3 Ng4 19. Rg2 Rag8 20. Nd1 cxd5 21. cxd5 Rh6 22. a3 Qb6 23. b4 Bd4 24. Rc1 Rf6 25. Nf3 Bxf2 26. Nxf2 Ne3+ 27. Kg1 Rxf3 28. Qc3 Rf6 29. Rh2 Rxg3+ 30. Kh1 Kf8 31. Rxh7 Kg8 32. Rh2 Rxf2 33. Qc8+ Kg7 34. Qh8+ Kg6 35. Qh6# 1-0

[Event "CRO Team Ch"]
[Site "Makarska Tucepi"]
[Date "1995.??.??"]
[Round "?"]
[White "Franic, Milan"]
[Black "Muse, Mladen"]
[Result "0-1"]
[WhiteElo "2390"]
[BlackElo "2435"]
[PlyCount "66"]
[EventDate "1995.??.??"]
[Source "www.chesslib.no"]
[SourceDate "2004.05.04"]

1. d4 Nc6 2. c4 e5 3. d5 Nce7 4. g3 Nf6 5. Bg2 Ng6 6. Nf3 Bc5 7. Nc3 a5 8. O-O d6 9. a3 Bd7 10. b3 h6 11. Qc2 Qc8 12. Rb1 Bf5 13. e4 Bh3 14. b4 Bb6 15. Nb5 Bd7 16. Nd2 axb4 17. axb4 h5 18. h4 O-O 19. Nf3 Bxb5 20. cxb5 Qg4 21. Kh1 Qxe4 22. Ne1 Qxc2 23. Nxc2 Ra2 24. Ne3 Ne7 25. Rb3 Bxe3 26. fxe3 e4 27. Rxf6 gxf6 28. Bxe4 f5 29. Bf3 Rc2 30. Bb2 Ra8 31. Ba3 Ng6 32. Bxh5 Ne5 33. Kg1 Nc4 0-1

[Event "Corr"]
[Site "?"]
[Date "1997.12.29"]
[Round "?"]
[White "Hampel Johannes (GER)"]
[Black "Malinin Vasily Borisovich ("]
[Result "1-0"]
[WhiteElo "2415"]
[BlackElo "2410"]
[PlyCount "117"]
[EventDate "1997.??.??"]
[Source "www.chesslib.no"]
[SourceDate "2004.05.04"]

1. d4 Nc6 2. d5 Ne5 3. e4 e6 4. f4 Ng6 5. dxe6 fxe6 6. Nf3 Bc5 7. Nc3 Nf6 8. e5 Ng4 9. Ne4 Qe7 10. c3 Ne3 11. Bxe3 Bxe3 12. g3 O-O 13. Qd3 Bb6 14. Neg5 Rf5 15. Qd2 h6 16. Ne4 Rf8 17. O-O-O a6 18. Bd3 Qf7 19. Bc2 Ne7 20. Qd3 Rd8 21. Neg5 hxg5 22. Qh7+ Kf8 23. Nxg5 Qg8 24. Qh5 Be3+ 25. Kb1 g6 26. Qh6+ Ke8 27. Ne4 Kf7 28. h4 Qg7 29. Ng5+ Kg8 30. Qxg7+ Kxg7 31. Nxe6+ dxe6 32. Rxd8 b5 33. Rhd1 Bb7 34. R8d7 Kf7 35. Rxc7 Bd5 36. Bb3 Be4+ 37. Ka1 Bf5 38. Rdd7 Re8 39. Bd1 Be4 40. Rd6 Rc8 41. Rxc8 Nxc8 42. Rxa6 Bb7 43. Ra5 Na7 44. Ra3 Bc5 45. b4 Bf2 46. Be2 Ke7 47. c4 Be4 48. Kb2 bxc4 49. Bxc4 Nc6 50. b5 Nd4 51. b6 Kd7 52. Rc3 Nc6 53. Bd3 Bd5 54. Bxg6 Bd4 55. h5 Ne7 56. Bd3 Ng8 57. a4 Bf3 58. Bb5+ Kd8 59. Bc4 1-0

[Event "Madrid-B"]
[Site "Madrid ESP"]
[Date "1994.??.??"]
[Round "8"]
[White "Garcia Palermo, Carlos H"]
[Black "Yewdokimov, Oleg"]
[Result "1-0"]
[WhiteElo "2460"]
[BlackElo "2365"]
[PlyCount "51"]
[EventDate "1994.??.??"]
[Source "www.chesslib.no"]
[SourceDate "2004.05.04"]

1. d4 Nc6 2. d5 Ne5 3. f4 Ng6 4. e4 e6 5. dxe6 dxe6 6. Bd3 Bc5 7. Nf3 Nf6 8. g3 Ng4 9. Rf1 Ne3 10. Bxe3 Bxe3 11. Nbd2 Qe7 12. Qe2 Bc5 13. e5 Bd7 14. c3 Bc6 15. Be4 Bxe4 16. Qxe4 O-O-O 17. b4 Bb6 18. a4 f5 19. exf6 Qxf6 20. a5 Qxc3 21. Ke2 Rxd2+ 22. Nxd2 Rd8 23. Rfd1 Bd4 24. Rac1 Qb2 25. Rc2 Qa3 26. Nf3 1-0

[Event "POL Team Ch"]
[Site "Mikolajki"]
[Date "1991.??.??"]
[Round "6"]
[White "Sarwinski, Miroslaw"]
[Black "Bus, Mariusz"]
[Result "1-0"]
[WhiteElo "2405"]
[BlackElo "2420"]
[PlyCount "41"]
[EventDate "1991.??.??"]
[Source "www.chesslib.no"]
[SourceDate "2004.05.04"]

1. d4 Nc6 2. d5 Ne5 3. Bf4 d6 4. e4 e6 5. Nc3 exd5 6. exd5 Be7 7. Bxe5 dxe5 8. Nf3 Bd6 9. Bb5+ Bd7 10. Qe2 f6 11. Nd4 a6 12. Ne6 Qe7 13. Bxd7+ Qxd7 14. O-O-O Qf7 15. Qg4 g6 16. Qa4+ Qd7 17. Qb3 b5 18. Rhe1 Nh6 19. Ne4 Qe7 20. f4 Nf7 21. Qc3 1-0

[Event "Nuremberg Open"]
[Site "Nuerenberg GER"]
[Date "1990.??.??"]
[Round "4"]
[White "Barlov, Dragan"]
[Black "Seyb, Dieter"]
[Result "1-0"]
[WhiteElo "2520"]
[BlackElo "2300"]
[PlyCount "53"]
[EventDate "1990.??.??"]
[Source "www.chesslib.no"]
[SourceDate "2004.05.04"]

1. d4 Nc6 2. d5 Ne5 3. e4 e6 4. f4 Ng6 5. dxe6 dxe6 6. Qxd8+ Kxd8 7. Be3 Nf6 8. Nc3 Bb4 9. Bd3 Bxc3+ 10. bxc3 Bd7 11. Nh3 Ng4 12. Bd2 Bc6 13. Ng5 Ke7 14. O-O e5 15. f5 Nf8 16. Bc4 Nh6 17. Rae1 f6 18. Bc1 fxg5 19. Bxg5+ Kd6 20. f6 gxf6 21. Rxf6+ Kc5 22. Bd3 Ng4 23. Rxf8 Rhxf8 24. Be7+ Kb6 25. Rb1+ Ka5 26. Bb4+ Ka4 27. Rb3 1-0

[Event "Bucharest Tim"]
[Site "Bucharest"]
[Date "1993.??.??"]
[Round "3"]
[White "Dumitrache, Dragos"]
[Black "Tomescu, Vlad"]
[Result "0-1"]
[WhiteElo "2385"]
[BlackElo "2435"]
[PlyCount "62"]
[EventDate "1993.??.??"]
[Source "ChessBase"]

1. d4 Nc6 2. Nf3 d6 3. c4 e5 4. d5 Nce7 5. e4 g6 6. Nc3 f5 7. c5 Bh6 8. Bb5+ Kf8 9. h4 Bxc1 10. Rxc1 Nf6 11. cxd6 cxd6 12. exf5 gxf5 13. Qd2 h6 14. Ba4 a6 15. b4 Bd7 16. Bxd7 Qxd7 17. g3 Rc8 18. Ke2 Kg7 19. Rhd1 Rc4 20. Qb2 Rhc8 21. Nd2 R4c7 22. Nf3 Nexd5 23. Nxd5 Qb5+ 24. Ke1 Nxd5 25. Rxc7+ Rxc7 26. a3 Rc4 27. Nd2 Rd4 28. Rc1 f4 29. gxf4 Nxf4 30. Rc7+ Kf6 31. Kd1 Qe2+ 0-1

[Event "Groningen Open"]
[Site "Groningen NED"]
[Date "1991.??.??"]
[Round "7"]
[White "Garcia Ilundain, David"]
[Black "Minasian, Artashes"]
[Result "1/2-1/2"]
[WhiteElo "2325"]
[BlackElo "2495"]
[PlyCount "101"]
[EventDate "1991.12.??"]
[Source "www.chesslib.no"]
[SourceDate "2004.05.04"]

1. d4 Nc6 2. Nf3 d6 3. c4 Bg4 4. d5 Ne5 5. Nxe5 dxe5 6. Nc3 Nf6 7. g3 h5 8. h3 Bd7 9. Bg2 Qc8 10. e4 e6 11. Be3 exd5 12. exd5 b6 13. Qe2 Bd6 14. Bg5 Bf5 15. O-O-O Nd7 16. g4 Bg6 17. f4 f6 18. Bh4 Qa6 19. f5 Bf7 20. g5 O-O-O 21. g6 Be8 22. Kb1 Nc5 23. Ne4 Nxe4 24. Bxe4 Qa4 25. Bf2 Kd7 26. Rc1 Ke7 27. Rc3 Rb8 28. Rhc1 Bd7 29. Ka1 Qa6 30. R1c2 Qc8 31. c5 bxc5 32. Bxc5 Qb7 33. Ba3 Qb6 34. Bc5 Qa5 35. Qe3 Rb5 36. Bxd6+ cxd6 37. Ra3 Qb4 38. Rxa7 Rhb8 39. a3 Ra5 40. Rxa5 Qxa5 41. Rc4 Qb5 42. Qc3 Qb6 43. Ka2 Qf2 44. Rc7 Rb6 45. Bc2 Kd8 46. Bb3 Qd4 47. Qc1 Qd3 48. Bc4 Qd4 49. Bb3 Qd3 50. Bc4 Qd4 51. Bb3 1/2-1/2

[Event "TCh-CRO"]
[Site "Rabac"]
[Date "2004.09.09"]
[Round "5"]
[White "Cvorovic, Drazen"]
[Black "Mestrovic, Zvonimir"]
[Result "0-1"]
[WhiteElo "2441"]
[BlackElo "2376"]
[PlyCount "50"]
[EventDate "2004.06.21"]
[Source "Roberto Alvarez"]
[SourceDate "2004.09.21"]

1. d4 Nc6 2. c3 e5 3. dxe5 Nxe5 4. Nf3 Nxf3+ 5. exf3 Bc5 6. Bd3 Qe7+ 7. Be2 Nf6 8. O-O O-O 9. Bd3 d5 10. a4 Be6 11. Nd2 Bd6 12. Re1 c5 13. Nf1 Qc7 14. Bg5 Nd7 15. Bc2 Rfe8 16. Qd2 Nf8 17. Re2 f6 18. Bh4 Bf7 19. Rae1 Rxe2 20. Rxe2 Rd8 21. Bg3 d4 22. cxd4 cxd4 23. Be4 Ng6 24. Re1 Bf4 25. Rc1 Qxc1 0-1

[Event "Buenos Aires VII Najdorf Open"]
[Site "Buenos Aires ARG"]
[Date "1995.??.??"]
[Round "7"]
[White "Slipak, Sergio"]
[Black "German, Pablo"]
[Result "1-0"]
[WhiteElo "2450"]
[BlackElo "2365"]
[PlyCount "77"]
[EventDate "1995.??.??"]
[Source "www.chesslib.no"]
[SourceDate "2004.05.04"]

1. d4 Nc6 2. d5 Ne5 3. e4 e6 4. dxe6 dxe6 5. Qxd8+ Kxd8 6. f4 Nd7 7. Nc3 Bb4 8. Bd2 Ngf6 9. Rd1 Bc5 10. e5 Ng4 11. Ne4 Bb6 12. Nf3 Ne3 13. Bxe3 Bxe3 14. g3 Ke7 15. Bg2 Bb6 16. Ke2 Nc5 17. Nxc5 Bxc5 18. Nd2 a5 19. c4 a4 20. Ne4 Ba7 21. Nc3 Bd7 22. Nb5 Bb6 23. Bxb7 Rab8 24. Be4 Ba5 25. b3 axb3 26. axb3 Bxb5 27. cxb5 Rbd8 28. Bc6 Rxd1 29. Rxd1 Rd8 30. Ra1 Bb6 31. g4 f6 32. exf6+ gxf6 33. h4 h6 34. Be4 f5 35. gxf5 exf5 36. Bd3 Kf6 37. Ra4 Rd4 38. h5 Rd6 39. Ra8 1-0